| 000 -LEADER |
| fixed length control field |
00549nam a22002057a 4500 |
| 005 - DATE AND TIME OF LATEST TRANSACTION |
| control field |
20210423062410.0 |
| 008 - FIXED-LENGTH DATA ELEMENTS--GENERAL INFORMATION |
| fixed length control field |
210219b1998 ||||| |||| 00| 0 eng d |
| 020 ## - INTERNATIONAL STANDARD BOOK NUMBER |
| International Standard Book Number |
0536017484 |
| 040 ## - CATALOGING SOURCE |
| Transcribing agency |
DLC |
| 041 ## - LANGUAGE CODE |
| Language code of text/sound track or separate title |
eng |
| 080 ## - UNIVERSAL DECIMAL CLASSIFICATION NUMBER |
| Universal Decimal Classification number |
005 |
| Item number |
S-53 |
| 100 ## - MAIN ENTRY--PERSONAL NAME |
| 9 (RLIN) |
1000 |
| Personal name |
Sapiro.Alan C |
| 245 ## - TITLE STATEMENT |
| Title |
Foundations of multinational financial management |
| 250 ## - EDITION STATEMENT |
| Edition statement |
custom edition |
| 260 ## - PUBLICATION, DISTRIBUTION, ETC. |
| Place of publication, distribution, etc. |
New Jersey |
| Name of publisher, distributor, etc. |
Pearson custom publishing |
| Date of publication, distribution, etc. |
1998 |
| 300 ## - PHYSICAL DESCRIPTION |
| Extent |
189 p.: |
| 650 #0 - SUBJECT ADDED ENTRY--TOPICAL TERM |
| 9 (RLIN) |
324 |
| Topical term or geographic name entry element |
Management |
| 653 ## - INDEX TERM--UNCONTROLLED |
| Uncontrolled term |
მენეჯმენტი |
| 942 ## - ADDED ENTRY ELEMENTS (KOHA) |
| Source of classification or shelving scheme |
|
| Koha item type |
Books |